|
|
|
|
| LEADER |
01082nam a2200289 a 4500 |
| 001 |
3783817 |
| 008 |
120619s1983 qucaf b 000 0 eng |
| 010 |
|
|
|a 83670030
|
| 020 |
|
|
|a 0920792278 (pbk.)
|
| 040 |
|
|
|a DLC
|c DLC
|d DLC
|d BD-DhAAL
|
| 050 |
0 |
0 |
|a GT2460
|b .J67 1983
|
| 082 |
0 |
0 |
|a 392/.12
|2 19
|
| 100 |
1 |
|
|a Jordan, Brigitte.
|
| 245 |
1 |
0 |
|a Birth in four cultures /
|c Brigitte Jordan.
|
| 250 |
|
|
|a 3rd ed.
|
| 260 |
|
|
|a Montréal :
|b Eden Press,
|c c1983.
|
| 300 |
|
|
|a v, 144 p., [8] p. of plates :
|b ill. ;
|c 21 cm.
|
| 500 |
|
|
|a "A crosscultural investigation of childbirth in Yucatan, Holland, Sweden, and the United States"--Cover.
|
| 504 |
|
|
|a Bibliography: p. 135-144.
|
| 541 |
|
|
|e 00025424
|
| 650 |
|
0 |
|a Birth customs.
|
| 650 |
|
0 |
|a Childbirth
|x Folklore.
|
| 650 |
|
0 |
|a Obstetrics
|x Social aspects.
|
| 650 |
|
0 |
|a Childbirth
|x Cross-cultural studies.
|
| 852 |
1 |
|
|a Ayesha Abed Library
|c General shelf.
|
| 999 |
|
|
|c 12406
|d 12406
|
| 952 |
|
|
|0 0
|1 0
|2 ddc
|4 0
|6 392_120000000000000_JOR
|7 0
|9 20536
|a JPGSPH
|b JPGSPH
|c GEN
|d 2012-06-20
|l 0
|o 392.12 JOR
|p 3060025424
|r 2012-06-20
|t 1
|w 2012-06-20
|y BK
|